| 000 | 00000nam 2200000za 4500 |
| 001 | 9.838160 |
| 003 | CaOODSP |
| 005 | 20221107151319 |
| 007 | cr ||||||||||| |
| 008 | 170613s1980 onca #o f000 0 eng d |
| 040 | |aCaOODSP|beng |
| 043 | |an-cn--- |
| 086 | 1 |aR5-253/1980E-PDF |
| 245 | 00|aTeaching is learning and discovery |h[electronic resource]. |
| 260 | |a[Ottawa?] : |bDept. of Indian Affairs and Northern Development, |c[1980?]. |
| 300 | |a[46] p. : |bill. |
| 500 | |aTitle from cover. |
| 500 | |aDigitized edition from print [produced by Indigenous and Northern Affairs Canada]. |
| 520 | |a"Teaching Indian children is learning and discovery in a very unique way - for teachers as well as students. The teacher from a non-Indian background who moves into an Indian community is coming into contact with, learning and discovering, a new and specialized world. The Indian children are coming into contact with a much wider world, one not yet encountered within the context of their particular environment. Learning and discovery on both sides. An encounter of two cultures. An exchange."--p. [1]. |
| 692 | 07|2gccst|aIndians |
| 692 | 07|2gccst|aTeachers |
| 692 | 07|2gccst|aLearning |
| 710 | 1 |aCanada. |bIndian and Northern Affairs Canada. |
| 856 | 40|qPDF|s4.00 MB|uhttps://publications.gc.ca/collections/collection_2017/aanc-inac/R5-253-1980-eng.pdf |